000 00339nam a2200145Ia 4500
008 230711s9999||||xx |||||||||||||| ||und||
041 _aENG
082 _a624
_bSW-H
100 _aSwain J.E
245 2 _aA history of world civilization
250 _a2nd Ed.
260 _c1984
_aNew Delhi
_bE.P House
650 _aArchitecture
942 _cBK
999 _c328
_d328